000 00482nam a2200169 i 4500
001 73555
003 ES-MaACL
005 20230906171842.0
007 t|
008 040908s1966 sp |||| | spa d
100 1 _aGómez Latorre, Adelino.
_958008
245 1 0 _aEstampas baturras /
_cAdelino Gómez Latorre.
260 _aValencia :
_b[s.n.],
_c1966 (
_fTip. P. Quiles)
300 _a235 p :
_bil. ;
_c18 cm.
650 4 _aFolklore-
_zAragón.
_9161420
852 _aES-MaACL
_jP-1116
999 _c73555
_d73555